<?xml version="1.0" encoding="UTF-8"?>
<record
    xmlns:xsi="http://www.w3.org/2001/XMLSchema-instance"
    xsi:schemaLocation="http://www.loc.gov/MARC21/slim http://www.loc.gov/standards/marcxml/schema/MARC21slim.xsd"
    xmlns="http://www.loc.gov/MARC21/slim">

  <leader>04657njm0a2200445   4500</leader>
  <controlfield tag="001">RU\NLR\ONIZ\298525</controlfield>
  <controlfield tag="005">20250708193916.0</controlfield>
  <datafield tag="035" ind1=" " ind2=" ">
    <subfield code="a">(NLR Aleph) 022043756</subfield>
  </datafield>
  <datafield tag="071" ind1="0" ind2="0">
    <subfield code="a">&#x414;-6421-2</subfield>
  </datafield>
  <datafield tag="090" ind1=" " ind2=" ">
    <subfield code="a">13285400</subfield>
    <subfield code="c">13285400</subfield>
  </datafield>
  <datafield tag="100" ind1=" " ind2=" ">
    <subfield code="a">20220905f19611968|||y0rusy50      ca</subfield>
  </datafield>
  <datafield tag="102" ind1=" " ind2=" ">
    <subfield code="a">RU</subfield>
  </datafield>
  <datafield tag="126" ind1=" " ind2=" ">
    <subfield code="a">abaxdxu      ux</subfield>
    <subfield code="b">xxx</subfield>
  </datafield>
  <datafield tag="127" ind1=" " ind2=" ">
    <subfield code="a">003500</subfield>
  </datafield>
  <datafield tag="200" ind1="1" ind2=" ">
    <subfield code="a">[&#x418;&#x433;&#x440;&#x430;&#x435;&#x442;] &#x418;. &#x411;&#x440;&#x430;&#x443;&#x434;&#x43E;, &#x43E;&#x440;&#x433;&#x430;&#x43D;</subfield>
    <subfield code="b">&#x417;&#x432;&#x443;&#x43A;&#x43E;&#x437;&#x430;&#x43F;&#x438;&#x441;&#x44C;</subfield>
  </datafield>
  <datafield tag="203" ind1=" " ind2=" ">
    <subfield code="a">&#x41C;&#x443;&#x437;&#x44B;&#x43A;&#x430;</subfield>
    <subfield code="b">&#x438;&#x441;&#x43F;&#x43E;&#x43B;&#x43D;&#x438;&#x442;&#x435;&#x43B;&#x44C;&#x441;&#x43A;&#x430;&#x44F;</subfield>
    <subfield code="c">&#x430;&#x443;&#x434;&#x438;&#x43E;</subfield>
  </datafield>
  <datafield tag="210" ind1=" " ind2=" ">
    <subfield code="a">&#x41B;&#x435;&#x43D;&#x438;&#x43D;&#x433;&#x440;&#x430;&#x434;</subfield>
    <subfield code="c">&#x410;&#x43A;&#x43A;&#x43E;&#x440;&#x434;</subfield>
    <subfield code="d">[19--]</subfield>
  </datafield>
  <datafield tag="215" ind1=" " ind2=" ">
    <subfield code="a">1 &#x433;&#x440;&#x43F;. [&#x413;&#x41E;&#x421;&#x422; 5289-61] (35 &#x43C;&#x438;&#x43D;) : 33 &#x43E;&#x431;/&#x43C;&#x438;&#x43D;, &#x43C;&#x43E;&#x43D;&#x43E;</subfield>
    <subfield code="d">25 &#x441;&#x43C;, &#x432; &#x43A;&#x43E;&#x43D;&#x432;.</subfield>
  </datafield>
  <datafield tag="327" ind1="1" ind2=" ">
    <subfield code="a">1. &#x41E;&#x440;&#x433;&#x430;&#x43D;&#x43D;&#x430;&#x44F; &#x43F;&#x440;&#x435;&#x43B;&#x44E;&#x434;&#x438;&#x44F; &#x438; &#x444;&#x443;&#x433;&#x430; &#x43B;&#x44F; &#x43C;&#x438;&#x43D;&#x43E;&#x440; / &#x418;. &#x421;. &#x411;&#x430;&#x445;.</subfield>
    <subfield code="a">2. &#x42D;&#x445;&#x43E; / &#x410;. &#x420;&#x435;&#x437;&#x43E;&#x43D;.</subfield>
    <subfield code="a">3. &#x41F;&#x430;&#x441;&#x442;&#x43E;&#x440;&#x430;&#x43B;&#x44C; / &#x414;. &#x426;&#x438;&#x43F;&#x43E;&#x43B;&#x438;.</subfield>
    <subfield code="a">4. &#x41E;&#x440;&#x433;&#x430;&#x43D;&#x43D;&#x430;&#x44F; &#x43F;&#x440;&#x435;&#x43B;&#x44E;&#x434;&#x438;&#x44F; &#x438; &#x444;&#x443;&#x433;&#x430; &#x434;&#x43E; &#x43C;&#x438;&#x43D;&#x43E;&#x440; / &#x418;. &#x421;. &#x411;&#x430;&#x445;.</subfield>
    <subfield code="a">5. &#x422;&#x43E;&#x43A;&#x43A;&#x430;&#x442;&#x430; / &#x41B;. &#x411;&#x43E;&#x435;&#x43B;&#x44C;&#x43C;&#x430;&#x43D;</subfield>
  </datafield>
  <datafield tag="464" ind1=" " ind2="0">
    <subfield code="1">2001#$a&#x41E;&#x440;&#x433;&#x430;&#x43D;&#x43D;&#x430;&#x44F; &#x43F;&#x440;&#x435;&#x43B;&#x44E;&#x434;&#x438;&#x44F; &#x438; &#x444;&#x443;&#x433;&#x430; &#x43B;&#x44F; &#x43C;&#x438;&#x43D;&#x43E;&#x440;$f&#x418;. &#x421;. &#x411;&#x430;&#x445;</subfield>
    <subfield code="1">6061#$a&#x41A;&#x43E;&#x43C;&#x43F;&#x43E;&#x437;&#x438;&#x442;&#x43E;&#x440;&#x44B; &#x437;&#x430;&#x440;&#x443;&#x431;&#x435;&#x436;&#x43D;&#x44B;&#x435;$y&#x413;&#x435;&#x440;&#x43C;&#x430;&#x43D;&#x438;&#x44F;$z17-18 &#x432;&#x432;.$j&#x417;&#x432;&#x443;&#x43A;&#x43E;&#x437;&#x430;&#x43F;&#x438;&#x441;&#x44C;$2nlr_sh$7ca</subfield>
    <subfield code="1">6061#$a&#x41F;&#x440;&#x435;&#x43B;&#x44E;&#x434;&#x438;&#x438; &#x438; &#x444;&#x443;&#x433;&#x438; &#x434;&#x43B;&#x44F; &#x43E;&#x440;&#x433;&#x430;&#x43D;&#x430;$y&#x413;&#x435;&#x440;&#x43C;&#x430;&#x43D;&#x438;&#x44F;$z17-18 &#x432;&#x432;.$j&#x417;&#x432;&#x443;&#x43A;&#x43E;&#x437;&#x430;&#x43F;&#x438;&#x441;&#x44C;$2nlr_sh</subfield>
    <subfield code="1">6890#$a&#x429;954.3-058.4(4&#x413;)</subfield>
    <subfield code="1">700#1$9z01790$a&#x411;&#x430;&#x445;$b&#x418;. &#x421;.$g&#x418;&#x43E;&#x433;&#x430;&#x43D;&#x43D; &#x421;&#x435;&#x431;&#x430;&#x441;&#x442;&#x44C;&#x44F;&#x43D;$f1685 - 1750$4230$7ca</subfield>
    <subfield code="1">790#1$9z01700$aBach$bJ.S.$gJohann Sebastian$f1685 - 1750$4230$7ba</subfield>
    <subfield code="t">&#x41E;&#x440;&#x433;&#x430;&#x43D;&#x43D;&#x430;&#x44F; &#x43F;&#x440;&#x435;&#x43B;&#x44E;&#x434;&#x438;&#x44F; &#x438; &#x444;&#x443;&#x433;&#x430; &#x43B;&#x44F; &#x43C;&#x438;&#x43D;&#x43E;&#x440;</subfield>
    <subfield code="a">&#x411;&#x430;&#x445;, &#x418;&#x43E;&#x433;&#x430;&#x43D;&#x43D; &#x421;&#x435;&#x431;&#x430;&#x441;&#x442;&#x44C;&#x44F;&#x43D; (1685 - 1750)</subfield>
  </datafield>
  <datafield tag="464" ind1=" " ind2="0">
    <subfield code="1">2001#$a&#x42D;&#x445;&#x43E;$f&#x410;. &#x420;&#x435;&#x437;&#x43E;&#x43D;</subfield>
    <subfield code="1">6061#$a&#x41A;&#x43E;&#x43C;&#x43F;&#x43E;&#x437;&#x438;&#x442;&#x43E;&#x440;&#x44B; &#x437;&#x430;&#x440;&#x443;&#x431;&#x435;&#x436;&#x43D;&#x44B;&#x435;$y&#x424;&#x440;&#x430;&#x43D;&#x446;&#x438;&#x44F;$z17-18 &#x432;&#x432;.$j&#x417;&#x432;&#x443;&#x43A;&#x43E;&#x437;&#x430;&#x43F;&#x438;&#x441;&#x44C;$2nlr_sh</subfield>
    <subfield code="1">6061#$a&#x41F;&#x440;&#x43E;&#x438;&#x437;&#x432;&#x435;&#x434;&#x435;&#x43D;&#x438;&#x44F; &#x434;&#x43B;&#x44F; &#x43E;&#x440;&#x433;&#x430;&#x43D;&#x430;$y&#x424;&#x440;&#x430;&#x43D;&#x446;&#x438;&#x44F;$z17-18 &#x432;&#x432;.$j&#x417;&#x432;&#x443;&#x43A;&#x43E;&#x437;&#x430;&#x43F;&#x438;&#x441;&#x44C;$2nlr_sh</subfield>
    <subfield code="1">6890#$a&#x429;954.3-058.9(4&#x424;&#x440;)</subfield>
    <subfield code="1">701#1$9z01790$a&#x420;&#x435;&#x437;&#x43E;&#x43D;$b&#x410;.$g&#x410;&#x43D;&#x434;&#x440;&#x435;$c&#x43A;&#x43E;&#x43C;&#x43F;&#x43E;&#x437;&#x438;&#x442;&#x43E;&#x440;$f1640-1719$4230$7ca</subfield>
    <subfield code="1">790#1$9z01701$aRaison$bA.$gAndr&#xE9;$ccomposer$f1640-1719$4230$7ba</subfield>
    <subfield code="t">&#x42D;&#x445;&#x43E;</subfield>
  </datafield>
  <datafield tag="464" ind1=" " ind2="0">
    <subfield code="1">2001#$a&#x41F;&#x430;&#x441;&#x442;&#x43E;&#x440;&#x430;&#x43B;&#x44C;$f&#x414;. &#x426;&#x438;&#x43F;&#x43E;&#x43B;&#x438;</subfield>
    <subfield code="1">6061#$a&#x41A;&#x43E;&#x43C;&#x43F;&#x43E;&#x437;&#x438;&#x442;&#x43E;&#x440;&#x44B; &#x437;&#x430;&#x440;&#x443;&#x431;&#x435;&#x436;&#x43D;&#x44B;&#x435;$y&#x418;&#x442;&#x430;&#x43B;&#x438;&#x44F;$z17-18 &#x432;&#x432;.$j&#x417;&#x432;&#x443;&#x43A;&#x43E;&#x437;&#x430;&#x43F;&#x438;&#x441;&#x44C;$2nlr_sh</subfield>
    <subfield code="1">6061#$a&#x41F;&#x430;&#x441;&#x442;&#x43E;&#x440;&#x430;&#x43B;&#x438; &#x434;&#x43B;&#x44F; &#x43E;&#x440;&#x433;&#x430;&#x43D;&#x430;$y&#x418;&#x442;&#x430;&#x43B;&#x438;&#x44F;$z17-18 &#x432;&#x432;.$j&#x417;&#x432;&#x443;&#x43A;&#x43E;&#x437;&#x430;&#x43F;&#x438;&#x441;&#x44C;$2nlr_sh</subfield>
    <subfield code="1">6890#$a&#x429;954.3-058.8(4&#x418;&#x442;)</subfield>
    <subfield code="1">700#1$9z01790$a&#x426;&#x438;&#x43F;&#x43E;&#x43B;&#x438;$b&#x414;.$g&#x414;&#x43E;&#x43C;&#x435;&#x43D;&#x438;&#x43A;&#x43E;$c&#x43A;&#x43E;&#x43C;&#x43F;&#x43E;&#x437;&#x438;&#x442;&#x43E;&#x440;$f1688-1726$4230$7ca</subfield>
    <subfield code="1">790#1$9z01700$aZipoli$bD.$gDomenico$ccomposer$f1688-1726$4230$7ba</subfield>
    <subfield code="t">&#x41F;&#x430;&#x441;&#x442;&#x43E;&#x440;&#x430;&#x43B;&#x44C;</subfield>
    <subfield code="a">&#x426;&#x438;&#x43F;&#x43E;&#x43B;&#x438;, &#x414;&#x43E;&#x43C;&#x435;&#x43D;&#x438;&#x43A;&#x43E; (&#x43A;&#x43E;&#x43C;&#x43F;&#x43E;&#x437;&#x438;&#x442;&#x43E;&#x440; ; 1688-1726)</subfield>
  </datafield>
  <datafield tag="464" ind1=" " ind2="0">
    <subfield code="1">2001#$a&#x41E;&#x440;&#x433;&#x430;&#x43D;&#x43D;&#x430;&#x44F; &#x43F;&#x440;&#x435;&#x43B;&#x44E;&#x434;&#x438;&#x44F; &#x438; &#x444;&#x443;&#x433;&#x430; &#x434;&#x43E; &#x43C;&#x438;&#x43D;&#x43E;&#x440;$f&#x418;. &#x421;. &#x411;&#x430;&#x445;</subfield>
    <subfield code="1">6061#$a&#x41A;&#x43E;&#x43C;&#x43F;&#x43E;&#x437;&#x438;&#x442;&#x43E;&#x440;&#x44B; &#x437;&#x430;&#x440;&#x443;&#x431;&#x435;&#x436;&#x43D;&#x44B;&#x435;$y&#x413;&#x435;&#x440;&#x43C;&#x430;&#x43D;&#x438;&#x44F;$z17-18 &#x432;&#x432;.$j&#x417;&#x432;&#x443;&#x43A;&#x43E;&#x437;&#x430;&#x43F;&#x438;&#x441;&#x44C;$2nlr_sh$7ca</subfield>
    <subfield code="1">6061#$a&#x41F;&#x440;&#x435;&#x43B;&#x44E;&#x434;&#x438;&#x438; &#x438; &#x444;&#x443;&#x433;&#x438; &#x434;&#x43B;&#x44F; &#x43E;&#x440;&#x433;&#x430;&#x43D;&#x430;$y&#x413;&#x435;&#x440;&#x43C;&#x430;&#x43D;&#x438;&#x44F;$z17-18 &#x432;&#x432;.$j&#x417;&#x432;&#x443;&#x43A;&#x43E;&#x437;&#x430;&#x43F;&#x438;&#x441;&#x44C;$2nlr_sh</subfield>
    <subfield code="1">6890#$a&#x429;954.3-045(4&#x413;)</subfield>
    <subfield code="1">700#1$9z01790$a&#x411;&#x430;&#x445;$b&#x418;. &#x421;.$g&#x418;&#x43E;&#x433;&#x430;&#x43D;&#x43D; &#x421;&#x435;&#x431;&#x430;&#x441;&#x442;&#x44C;&#x44F;&#x43D;$f1685 - 1750$4230$7ca</subfield>
    <subfield code="1">790#1$9z01700$aBach$bJ.S.$gJohann Sebastian$f1685 - 1750$4230$7ba</subfield>
    <subfield code="t">&#x41E;&#x440;&#x433;&#x430;&#x43D;&#x43D;&#x430;&#x44F; &#x43F;&#x440;&#x435;&#x43B;&#x44E;&#x434;&#x438;&#x44F; &#x438; &#x444;&#x443;&#x433;&#x430; &#x434;&#x43E; &#x43C;&#x438;&#x43D;&#x43E;&#x440;</subfield>
    <subfield code="a">&#x411;&#x430;&#x445;, &#x418;&#x43E;&#x433;&#x430;&#x43D;&#x43D; &#x421;&#x435;&#x431;&#x430;&#x441;&#x442;&#x44C;&#x44F;&#x43D; (1685 - 1750)</subfield>
  </datafield>
  <datafield tag="464" ind1=" " ind2="0">
    <subfield code="1">2001#$a&#x422;&#x43E;&#x43A;&#x43A;&#x430;&#x442;&#x430;$f&#x41B;. &#x411;&#x43E;&#x435;&#x43B;&#x44C;&#x43C;&#x430;&#x43D;</subfield>
    <subfield code="1">6061#$a&#x41A;&#x43E;&#x43C;&#x43F;&#x43E;&#x437;&#x438;&#x442;&#x43E;&#x440;&#x44B; &#x437;&#x430;&#x440;&#x443;&#x431;&#x435;&#x436;&#x43D;&#x44B;&#x435;$y&#x424;&#x440;&#x430;&#x43D;&#x446;&#x438;&#x44F;$z19 &#x432;&#x435;&#x43A;$j&#x417;&#x432;&#x443;&#x43A;&#x43E;&#x437;&#x430;&#x43F;&#x438;&#x441;&#x44C;$2nlr_sh</subfield>
    <subfield code="1">6061#$a&#x422;&#x43E;&#x43A;&#x43A;&#x430;&#x442;&#x44B; &#x434;&#x43B;&#x44F; &#x43E;&#x440;&#x433;&#x430;&#x43D;&#x430;$y&#x424;&#x440;&#x430;&#x43D;&#x446;&#x438;&#x44F;$z19 &#x432;&#x435;&#x43A;$j&#x417;&#x432;&#x443;&#x43A;&#x43E;&#x437;&#x430;&#x43F;&#x438;&#x441;&#x44C;$2nlr_sh</subfield>
    <subfield code="1">6890#$a&#x429;954.3-045(4&#x424;&#x440;)</subfield>
    <subfield code="1">700#1$9z01790$a&#x411;&#x43E;&#x44D;&#x43B;&#x44C;&#x43C;&#x430;&#x43D;$b&#x41B;.$g&#x41B;&#x435;&#x43E;&#x43D;$c&#x43A;&#x43E;&#x43C;&#x43F;&#x43E;&#x437;&#x438;&#x442;&#x43E;&#x440;$f1862-1897$4230$7ca</subfield>
    <subfield code="1">790#1$9z01700$aBo&#xEB;llmann$bL.$gL&#xE9;on$ccomposer$f1862-1897$4230$7ba</subfield>
    <subfield code="t">&#x422;&#x43E;&#x43A;&#x43A;&#x430;&#x442;&#x430;</subfield>
    <subfield code="a">&#x411;&#x43E;&#x44D;&#x43B;&#x44C;&#x43C;&#x430;&#x43D;, &#x41B;&#x435;&#x43E;&#x43D; (&#x43A;&#x43E;&#x43C;&#x43F;&#x43E;&#x437;&#x438;&#x442;&#x43E;&#x440; ; 1862-1897)</subfield>
  </datafield>
  <datafield tag="606" ind1="1" ind2=" ">
    <subfield code="a">&#x41E;&#x440;&#x433;&#x430;&#x43D;&#x438;&#x441;&#x442;&#x44B; &#x441;&#x43E;&#x432;&#x435;&#x442;&#x441;&#x43A;&#x438;&#x435;</subfield>
    <subfield code="z">19-20 &#x432;&#x432;.</subfield>
    <subfield code="j">&#x417;&#x432;&#x443;&#x43A;&#x43E;&#x437;&#x430;&#x43F;&#x438;&#x441;&#x44C;</subfield>
    <subfield code="2">nlr_sh</subfield>
  </datafield>
  <datafield tag="606" ind1="1" ind2=" ">
    <subfield code="a">&#x41E;&#x440;&#x433;&#x430;&#x43D;&#x43D;&#x430;&#x44F; &#x43C;&#x443;&#x437;&#x44B;&#x43A;&#x430;</subfield>
    <subfield code="y">&#x415;&#x432;&#x440;&#x43E;&#x43F;&#x430;</subfield>
    <subfield code="z">17-19 &#x432;&#x432;.</subfield>
    <subfield code="j">&#x417;&#x432;&#x443;&#x43A;&#x43E;&#x437;&#x430;&#x43F;&#x438;&#x441;&#x44C;</subfield>
    <subfield code="2">nlr_sh</subfield>
  </datafield>
  <datafield tag="606" ind1="1" ind2=" ">
    <subfield code="a">&#x41F;&#x43E;&#x43B;&#x438;&#x444;&#x43E;&#x43D;&#x438;&#x447;&#x435;&#x441;&#x43A;&#x430;&#x44F; &#x43C;&#x443;&#x437;&#x44B;&#x43A;&#x430; &#x434;&#x43B;&#x44F; &#x43E;&#x440;&#x433;&#x430;&#x43D;&#x430;</subfield>
    <subfield code="y">&#x415;&#x432;&#x440;&#x43E;&#x43F;&#x430;</subfield>
    <subfield code="z">17-19 &#x432;&#x432;.</subfield>
    <subfield code="j">&#x417;&#x432;&#x443;&#x43A;&#x43E;&#x437;&#x430;&#x43F;&#x438;&#x441;&#x44C;</subfield>
    <subfield code="2">nlr_sh</subfield>
  </datafield>
  <datafield tag="686" ind1="0" ind2=" ">
    <subfield code="a">&#x429;954.3, 8(2)</subfield>
  </datafield>
  <datafield tag="686" ind1="0" ind2=" ">
    <subfield code="a">&#x429;954.3&#x44F;43(4)</subfield>
  </datafield>
  <datafield tag="700" ind1=" " ind2="1">
    <subfield code="9">z03790</subfield>
    <subfield code="a">&#x411;&#x440;&#x430;&#x443;&#x434;&#x43E;</subfield>
    <subfield code="b">&#x418;. &#x410;.</subfield>
    <subfield code="c">&#x43E;&#x440;&#x433;&#x430;&#x43D;</subfield>
    <subfield code="f">1896-1970</subfield>
    <subfield code="g">&#x418;&#x441;&#x430;&#x439; &#x410;&#x43B;&#x435;&#x43A;&#x441;&#x430;&#x43D;&#x434;&#x440;&#x43E;&#x432;&#x438;&#x447;</subfield>
    <subfield code="4">590</subfield>
    <subfield code="4">kor</subfield>
    <subfield code="7">ca</subfield>
  </datafield>
  <datafield tag="790" ind1=" " ind2="1">
    <subfield code="9">z03700</subfield>
    <subfield code="a">Braudo</subfield>
    <subfield code="b">I. A.</subfield>
    <subfield code="f">1896-1970</subfield>
    <subfield code="g">Isajja Aleksandrovi&#x10D;</subfield>
    <subfield code="4">590</subfield>
    <subfield code="4">kor</subfield>
    <subfield code="7">ba</subfield>
  </datafield>
  <datafield tag="801" ind1=" " ind2="0">
    <subfield code="a">RU</subfield>
    <subfield code="b">NLR</subfield>
    <subfield code="c">20220905</subfield>
    <subfield code="g">PSBO</subfield>
  </datafield>
  <datafield tag="801" ind1=" " ind2="1">
    <subfield code="a">RU</subfield>
    <subfield code="b">NLR</subfield>
    <subfield code="c">20220905</subfield>
    <subfield code="2">rusmarc</subfield>
  </datafield>
  <datafield tag="801" ind1=" " ind2="2">
    <subfield code="a">RU</subfield>
    <subfield code="b">NLR</subfield>
    <subfield code="c">20230707</subfield>
  </datafield>
  <datafield tag="852" ind1=" " ind2=" ">
    <subfield code="a">NLR</subfield>
    <subfield code="b">&#x41C;&#x433;</subfield>
    <subfield code="j">2/893</subfield>
    <subfield code="p">1902</subfield>
    <subfield code="t">1</subfield>
  </datafield>
  <datafield tag="852" ind1=" " ind2=" ">
    <subfield code="a">NLR</subfield>
    <subfield code="b">&#x41C;&#x433;</subfield>
    <subfield code="j">2/14&#x430;</subfield>
    <subfield code="p">1993</subfield>
    <subfield code="t">2</subfield>
  </datafield>
  <datafield tag="942" ind1=" " ind2=" ">
    <subfield code="c">REC</subfield>
  </datafield>
  <datafield tag="980" ind1=" " ind2=" ">
    <subfield code="a">NB</subfield>
  </datafield>
  <datafield tag="980" ind1=" " ind2=" ">
    <subfield code="a">ONIZ</subfield>
  </datafield>
  <datafield tag="995" ind1=" " ind2=" ">
    <subfield code="5">2022-09-05</subfield>
    <subfield code="b">NLR01</subfield>
    <subfield code="c">NLR01</subfield>
    <subfield code="e">ONIZ</subfield>
    <subfield code="k">2/893 2/893</subfield>
    <subfield code="o">0</subfield>
    <subfield code="r">REC</subfield>
    <subfield code="s">2893_2893</subfield>
  </datafield>
  <datafield tag="995" ind1=" " ind2=" ">
    <subfield code="5">2022-09-05</subfield>
    <subfield code="b">NLR01</subfield>
    <subfield code="c">NLR01</subfield>
    <subfield code="e">ONIZ</subfield>
    <subfield code="k">2/14&#x430; 2/14&#x430;</subfield>
    <subfield code="o">0</subfield>
    <subfield code="r">REC</subfield>
    <subfield code="s">214_214</subfield>
  </datafield>
</record>
